00343nam a2200109Ia 4500008004100000082000800041100001900049245004600068942000600114952009800120999001500218240331s9999 xx 000 0 und d bSUB aSubramanian, N 0aTamil aayviyalil kalanithi K.Kailasapathy cL 001040708LaWERCLbWERCLcSSCd2024-03-31l0o 894.11 SUBp4216r2024-03-31w2024-03-31yL c4110d4110